000
00295nam a22001097a 4500
082
_a
621.381 DUG'B
100
_a
DUGGER, W,PATRICK, D,SUESS, A
_9
75583
245
_a
COMMUNICATIONS UNIT 4 BASIC ELECTRONICS SYSTEMS TECHNOLOGY
260
_a
CALIFORNIA
_b
BRUCE
_c
1973
300
_a
181P
942
_c
BK
999
_c
580978
_d
580978